000 00510nam a2200181 4500
001 8897
005 20230410124018.0
008 060907n1998 dr spa
020 _a842945344X
035 _9funglode8970
041 _aES
050 1 4 _aLB 2822.8 E74 1998
245 0 _aLas escuelas eficaces :
_bclaves para mejorar la enseñanza /
_cDavid Reynolds... [et. al.]
260 _aMéxico :
_bEditorial Santillana,
_c1998
300 _a174 p.
700 _aReynolds, David
942 _2lcc
_cbk
999 _c69502
_d69502